| 000 | 00701nam a2200205 4500 | ||
|---|---|---|---|
| 001 | 135852 | ||
| 003 | ES-MaACL | ||
| 005 | 20250804011346.0 | ||
| 007 | t| | ||
| 008 | 070214s1979 sp r ||||1| spa d | ||
| 100 | 1 |
_aRousseau, Jean-Jacques. _9100055 |
|
| 245 | 1 | 4 |
_aLas ensoñaciones del paseante solitario / _cJean-Jacques Rousseau ; prólogo y notas de Mauro Armiño. |
| 260 |
_aMadrid : _bAlianza, _c1979. |
||
| 300 |
_a231 p. ; _c18 cm. |
||
| 490 | 1 |
_aEl libro de bolsillo. Sección: clásicos ; _v707 |
|
| 700 | 0 |
_aArmiño, Mauro, _d1944- _922987 |
|
| 830 | 0 | 3 |
_aEl libro de bolsillo. _pClásicos _v707 _9179723 |
| 852 |
_aES-MaACL _jL-7066 _bR.107472 |
||
| 999 |
_c135852 _d135852 |
||